Vista normal
Vista MARC
Entrada Personal Name
Número de registros utilizados en: 1
001 - CONTROL NUMBER
- control field: 14191
003 - CONTROL NUMBER IDENTIFIER
- control field: OSt
005 - DATE AND TIME OF LATEST TRANSACTION
- control field: 20210301163007.0
008 - FIXED-LENGTH DATA ELEMENTS
- fixed length control field: 210301|| aca||aabn | a|a d
040 ## - CATALOGING SOURCE
- Original cataloging agency: OSt
- Transcribing agency: OSt
100 ## - HEADING--PERSONAL NAME
- Personal name: Khrushchev, Nikita Jruschov
670 ## - SOURCE DATA FOUND
- Source citation: Work cat.: (OSt): Khrushchev, Nikita Jruschov, autor, Informe del comité central del PCUS al XXII Congreso del Partido Comunista de la Unión Soviética / , 1961